[Event "Komarom Esztergom County-chT"]
[Site "Hungary"]
[Date "2012.09.29"]
[Round "1.7"]
[White "Kovacs, Milan"]
[Black "Szilfai, Jozsef"]
[Result "1-0"]
[WhiteElo "1762"]
[BlackElo "1699"]
[PlyCount "93"]
[EventDate "2012.09.29"]
[EventType "team-tourn"]
[EventRounds "10"]
[EventCountry "HUN"]
[SourceTitle "EXT 2014"]
[Source "ChessBase"]
[SourceDate "2013.11.20"]
[SourceVersion "1"]
[SourceVersionDate "2013.11.20"]
[SourceQuality "1"]
[WhiteTeam "Kisber Aszar"]
[BlackTeam "Koernyei SE"]
[WhiteTeamCountry "HUN"]
[BlackTeamCountry "HUN"]

1. e4 e5 2. Nc3 c5 3. Nf3 Nc6 4. Bb5 Nd4 5. Nxe5 Nxb5 6. Nxb5 a6 7. Nc3 Nf6 8. d3 Be7 9. h3 d6 10. Nf3 0-0 11. Be3 b5 12. 0-0 b4 13. Ne2 Bb7 14. c4 a5 15. b3 Nd7 16. Rb1 Ne5 17. Nf4 Qd7 18. Nd5 Bd8 19. Nxe5 dxe5 20. Bxc5 Re8 21. Qg4 Qxg4 22. hxg4 Ra6 23. f3 Rc6 24. Be3 h6 25. g3 g5 26. Kg2 Rg6 27. Rbc1 Ree6 28. d4 Kf8 29. Rfd1 Kg8 30. dxe5 Rxe5 31. Nxb4 Re8 32. Nc2 Kh7 33. Nd4 Be7 34. Nf5 Ba3 35. Rc2 Rxe4 36. Rd7 Bc8 37. Rxf7+ Kg8 38. fxe4 Kxf7 39. c5 Bxf5 40. gxf5 Rc6 41. Kf3 Bb4 42. e5 Ke7 43. g4 Kf7 44. Rh2 Kg7 45. e6 Bxc5 46. Rc2 Bxe3 47. Rxc6 1-0